000
00316nam a22001457a 4500
020
_a
978-81-264-1971-5
082
_a
894.812.3
_b
MAD/A
100
_a
N.S.MADHAVAN
245
_a
ANTE PREEYAPETTA KATHAKAL
260
_a
KOTTAYAM
_b
DC BOOKS
_c
10598
300
_a
126
520
_a
NOVEL
650
_a
NOVEL
942
_c
BK
999
_c
4972
_d
4972